00660nam a2200241 a 4500001001300000003000900013005001700022008004100039020001000080082001700090100001700107245001100124260004300135300000900178500003500187505001100222650002000233700001700253902000800270942000700278952011800285999001500403nice12345678IN_TiNIC20260116012518.0050524s1985 hyda grp 000 0 urd  ac10000a891.439bAWA aAwaz, Sayeed aKhaake aHyderabadbMaktaba Sher-O-Hikmatc1985 a149p aincludes index and biblioraphy2 aIndex. aLiterature-Urdu1 aAwaz, Sayeed bSRS cBK 001040708StackRoom-aHMIbHMId2007-06-22g100.00l0o891.439 AWAp012089r2007-06-22v100.00w2005-05-24yBK c7298d7298